LEADER 00897nam--2200337---450- 001 990001894440203316 005 20050913100808.0 035 $a000189444 035 $aUSA01000189444 035 $a(ALEPH)000189444USA01 035 $a000189444 100 $a20040802d1969----km-y0itay0103----ba 101 0 $afre 102 $aFR 105 $a||||||||001yy 200 1 $aForme et signification$fJean Rousset 210 $aParis$cCorti$d1969 215 $aXXV, 242 p.$d22 cm 410 0$12001 454 1$12001 461 1$1001-------$12001 700 1$aROUSSET.$bJean$0320321 801 0$aIT$bsalbc$gISBD 912 $a990001894440203316 951 $aVI.4.B. 461(II f C 276)$b35354 L.M.$cII f 959 $aBK 969 $aUMA 979 $aSIAV2$b10$c20040802$lUSA01$h1350 979 $aCOPAT3$b90$c20050913$lUSA01$h1008 996 $aForme et signification$947658 997 $aUNISA LEADER 03064nam 2200601Ia 450 001 9910783878203321 005 20230914160545.0 010 $a1-134-84662-2 010 $a1-282-76851-4 010 $a9786612768514 010 $a0-203-97461-1 035 $a(CKB)1000000000251576 035 $a(EBL)240202 035 $a(OCoLC)560281482 035 $a(SSID)ssj0000194969 035 $a(PQKBManifestationID)11178699 035 $a(PQKBTitleCode)TC0000194969 035 $a(PQKBWorkID)10241789 035 $a(PQKB)11002708 035 $a(MiAaPQ)EBC240202 035 $a(Au-PeEL)EBL240202 035 $a(CaPaEBR)ebr10095190 035 $a(CaONFJC)MIL276851 035 $a(EXLCZ)991000000000251576 100 $a19930827d1994 uy 0 101 0 $aeng 135 $aur|n|---||||| 181 $ctxt$2rdacontent 182 $cc$2rdamedia 183 $acr$2rdacarrier 200 10$aLyric texts and lyric consciousness $ethe birth of a genre from archaic Greece to Augustan Rome /$fPaul Allen Miller 210 1$aLondon ;$aNew York :$cRoutledge,$d1994. 215 $a1 online resource (viii, 240 pages) 311 0 $a1-138-00676-9 311 0 $a0-415-10518-8 320 $aIncludes bibliographical references and index. 327 $aLYRIC TEXTS AND LYRIC CONSCIOUSNESS The Birth of a Genre from Archaic Greece to Augustan Rome; Copyright; CONTENTS; Acknowledgements; 1 The Subject Of The Text; 2 Epos And Iambos Or Archilochus Meets The Wolfman; 3 De Generibus Disputandum Est; 4 The Garden Of Forking Paths: Catullus And The Birth Of The Collection; 5 A Poet'S Place: Sappho And The Melic Discourse Of Archaic Greece; 6 Sapphica Puella: The Triple-Faceted Object Of Catullan Desire; 7 Rome, Alexandria, And The Politics Of Lyric; 8 Horace, Mercury, And Augustus; 9 Conclusion: Of Writings And Subjects; Appendix I; Appendix II; Notes; References; Index 330 $aLyric Texts and Lyric Consciousness presents a model for studying the history of lyric as a genre. Prof Miller draws a distinction between the work of the Greek lyrists and the more condensed, personal poetry that we associate with lyric. He then confronts the theoretical issues and presents a sophisticated, Bakhtinian reading of the development of the lyric form from its origins in archaic Greece to the more individualist style of Augustan Rome. This book will appeal to classicists and, since English translations of passages from the ancient authors are provided, to those who special 606 $aClassical poetry$xHistory and criticism 606 $aLyric poetry$xHistory and criticism 607 $aRome$xCivilization$xGreek influences 615 0$aClassical poetry$xHistory and criticism. 615 0$aLyric poetry$xHistory and criticism. 676 $a884.0109 676 $a884/.0109 700 $aMiller$b Paul Allen$f1959-$01146107 801 0$bMiAaPQ 801 1$bMiAaPQ 801 2$bMiAaPQ 906 $aBOOK 912 $a9910783878203321 996 $aLyric texts and lyric consciousness$93745381 997 $aUNINA